00911nam a2200241 i 450000100060000000300090000600500170001500700030003200800410003508000330007610000280010924501160013726000400025330000560029354600380034960000430038765500480043071000230047885200220050194200080052399900170053195201210054845036ES-MaACL20230906161136.0t|030325s1987 sp a |||| | cat d a75 Clavé, Antoni (083.824)1 aClavé, Antoni.93911011a"Retorn del Japó", 1986, 1987 b: Sala Gaspar, Barcelona, maig-juny 1987 : [exposición] / cAntoni Clavé. aBarcelona : bSala Gaspar, c[1987] a[82] p. : bprincipalmente il. col. y n. ; c29 cm. aTextos en catalán y castellano.14aClavé, Antoni-vExposiciones.939111 72tgfbne9193628aCatálogos de exposiciones2 aSala Gaspar.96478 aES-MaACLjG-14560 2udc c45036d45036 00104070aATENEOMbATENEOMcSPP3d2008-01-17eSCl0oG-14560p1047397r2023-02-23 00:00:00w2023-02-23yMONOGRAFIA